| 000 | 00572nam a2200217Ia 4500 | ||
|---|---|---|---|
| 005 | 20230804093313.0 | ||
| 008 | 131103s9999 xx 000 0 und d | ||
| 020 |
_a0333460510 (pbk) _c4.00 pds |
||
| 040 | _aLoreto College | ||
| 041 | _aEnglish | ||
| 082 |
_a903 _bCOO |
||
| 100 | _aCook,Chris | ||
| 245 |
_aMacmillan dictionary of historical _cChris Cook |
||
| 250 | _a2nd ed. | ||
| 260 |
_aLondon _bMacmillan Press _c1983 (1990 printing) |
||
| 300 | _a350 p. | ||
| 650 | _aHistory | ||
| 651 | _aDictionaries - Historical Terms | ||
| 850 | _aLCLIB | ||
| 942 | _cBK | ||
| 999 |
_c8542 _d59021 |
||